000 00389nam a2200157Ia 4500
008 230524s9999 xx 000 0 und d
082 _a401.21
_bHUM
100 _aJohn Humphnics
_910254
245 0 _aHow to Manage People at Work
250 _a2ND
260 _aNEW DELHI
_bJaico
_c1998
300 _a154
500 _aQuantity Number: 1
650 _aMiscellaneous
_91877
942 _cBK
999 _c14176
_d14176